Statistiques concernant Culture Générale - Série 561

Cliquez ici pour prendre le quiz!

Statistiques générales

  • Ce quiz a été pris 169 fois
  • Le résultat moyen est 5 sur 10

Statistiques - réponses

QuestionRéponse% Correct
Avec un couteau et une assiette, quel autre ustensile peut-on voir sur le logo des "Restos du coeur" ?fourchette
93%
Dans la chanson "For me... formidable", de Charles Aznavour, quel mot français suit "You are my love very, very, very..." ?véritable
83%
A quel poste le footballeur Joël Bats s'est-il illustré de 1976 à 1992 ?gardien de but
77%
A quel célèbre séducteur vénitien du 18e siècle prête-t-on 122 conquêtes féminines ?Casanova
65%
Dans quelle série télévisée croise-t-on les chevaliers Perceval et Karadoc ?Kaamelott
62%
En athlétisme, quel signal sonore annonce aux coureurs qu'ils entament le dernier tour de piste ?cloche
56%
Quel pays imaginaire associe-t-on à un mât parfois glissant, en haut duquel on trouve des friandises et des objets à décrocher ?Cocagne
45%
Qui chante "Ame câline" en 1967 ?Michel Polnareff
24%
Qui est "en pleurs dans une ville en pluie", dans une chanson de Claude Nougaro en 1962 ?Une petite fille
20%
Dans la série télévisée "Braquo" réalisé par Olivier Marchal, quel est le prénom du Lieutenant Morlighem ?Walter
1%

Distribution des résultats

Percentile par nombre de réponses

% des personnes avec chaque résultat

Votre développement - résultats

Vous n’avez pas pris ce quiz